000 00683nam a22001817a 4500
005 20251108164848.0
008 250721s1993 xx 000 0 ara d
082 1 4 _a814.9565/سيف
100 1 _aالإيراني، محمود سيف الدين
245 1 0 _aغبار و أقنعة :
_bالآثار الأدبية غير المنشورة للإيراني /
264 1 _aعمان :
_bالإتحاد العام للأدباء و الكتاب العرب - الأمانة العامة،
_c1993.
300 _a158ص.
650 1 7 _aالمقالات العربية
650 1 7 _aالأردن
700 1 _aخليل، إبراهيم
_eتحقيق
942 _2ddc
_cBK
999 _c16104
_d16104